[Event "USA-ch U20 Girls"]
[Site "Saint Louis"]
[Date "2021.07.24"]
[Round "8"]
[White "Zeng, Sheena"]
[Black "Wu, Rochelle"]
[Result "0-1"]
[WhiteElo "2013"]
[BlackElo "2138"]
[PlyCount "118"]
[EventDate "2021.07.16"]
[EventType "tourn"]
[EventRounds "9"]
[EventCountry "USA"]
[SourceTitle "CBM 203 Extra"]
[Source "ChessBase"]
[SourceDate "2021.09.30"]
[SourceVersion "1"]
[SourceVersionDate "2021.09.30"]
[SourceQuality "1"]

1. d4 Nf6 2. c4 g6 3. Nc3 d5 4. cxd5 Nxd5 5. e4 Nxc3 6. bxc3 Bg7 7. Bc4 c5 8. Ne2 Nc6 9. Be3 0-0 10. 0-0 Bg4 11. f3 Bd7 12. Qd2 Qa5 13. Rfd1 cxd4 14. cxd4 b5 15. Bd5 Qxd2 16. Rxd2 Rac8 17. Bxc6 Rxc6 18. Rc1 Rxc1+ 19. Nxc1 Rc8 20. Nb3 Rc3 21. Kf2 b4 22. d5 Rc7 23. Bf4 Rc8 24. e5 h5 25. d6 exd6 26. exd6 Rc6 27. Be3 Bc3 28. Rd1 Kf8 29. Nc5 Ke8 30. Ne4 Ra6 31. Bd4 Ba4 32. Rd3 Bc2 33. Rxc3 bxc3 34. d7+ Kd8 35. Bf6+ Rxf6 36. Nxf6 Bb1 37. Ke2 Bxa2 38. Kd3 Be6 39. Kxc3 Bxd7 40. Ne4 Ke7 41. g3 Bc6 42. Nd2 Bd5 43. g4 h4 44. f4 Kd6 45. Kd4 a5 46. f5 g5 47. Nb1 f6 48. Na3 Kc6 49. Nc2 Bb3 50. Ne3 a4 51. Kc3 Kc5 52. Nf1 Bd5 53. Ne3 Bf7 54. Nc2 Bd5 55. Kb2 Bb3 56. Ne1 Kd4 57. Nf3+ Ke3 58. Ne1 Ke2 59. Ng2 h3 0-1

[Event "USA-ch U20 Girls"]
[Site "Saint Louis"]
[Date "2021.07.18"]
[Round "3"]
[White "Lee, Alice"]
[Black "Zeng, Sheena"]
[Result "1/2-1/2"]
[WhiteElo "1972"]
[BlackElo "2013"]
[PlyCount "76"]
[EventDate "2021.07.16"]
[EventType "tourn"]
[EventRounds "9"]
[EventCountry "USA"]
[SourceTitle "CBM 203 Extra"]
[Source "ChessBase"]
[SourceDate "2021.09.30"]
[SourceVersion "1"]
[SourceVersionDate "2021.09.30"]
[SourceQuality "1"]

1. d4 d5 2. c4 e6 3. Nf3 Nf6 4. Nc3 c5 5. cxd5 Nxd5 6. e4 Nxc3 7. bxc3 cxd4 8. cxd4 Bb4+ 9. Bd2 Bxd2+ 10. Qxd2 0-0 11. Bc4 Nd7 12. 0-0 Nf6 13. Qe3 b6 14. Ne5 Bb7 15. f3 Qe7 16. Rac1 Rac8 17. Rc3 Nd7 18. Ng4 Rfd8 19. Rfc1 h5 20. Nf2 Nb8 21. Bb3 Rxc3 22. Qxc3 Nc6 23. d5 exd5 24. Bxd5 Rc8 25. Qb2 Na5 26. Rxc8+ Bxc8 27. Nd3 Bb7 28. Qd4 Bxd5 29. exd5 Nb7 30. Kf2 Nd6 31. g3 Qc7 32. Qb2 Qc4 33. Nf4 Qc5+ 34. Kg2 Nc4 35. Qa1 Ne3+ 36. Kh1 Nxd5 37. Nxh5 Nc3 38. Qe1 Qxh5 1/2-1/2

[Event "Wch FIDE Online U16 Girls America qual"]
[Site "Tornelo INT"]
[Date "2020.12.04"]
[Round "7"]
[White "Moncada Correa, Sara"]
[Black "Zeng, Sheena"]
[Result "0-1"]
[WhiteElo "1712"]
[BlackElo "1650"]
[PlyCount "100"]
[EventDate "2020.12.01"]
[EventType "swiss (rapid)"]
[EventRounds "7"]
[EventCountry "ISS"]
[SourceTitle "EXT 2022"]
[Source "ChessBase"]
[SourceDate "2021.10.06"]
[SourceVersion "1"]
[SourceVersionDate "2021.10.06"]
[SourceQuality "1"]

1. d4 d5 2. c4 c6 3. Nf3 Nf6 4. Qc2 e6 5. g3 dxc4 6. Qxc4 b5 7. Qc2 Bb7 8. Bg2 Nbd7 9. 0-0 Qb6 10. Nc3 c5 11. Rd1 Rc8 12. Qb3 a6 13. Bg5 Bxf3 14. Bxf3 cxd4 15. Ne4 Nxe4 16. Bxe4 Bc5 17. Rac1 0-0 18. Qd3 h6 19. Bf4 Nf6 20. Bg2 Rfd8 21. a3 a5 22. Rc2 Bd6 23. Rxc8 Rxc8 24. Bxd6 Qxd6 25. Qxb5 Rb8 26. Qxa5 Rxb2 27. Qa4 Rxe2 28. Rxd4 Re1+ 29. Bf1 Qe5 30. Rd8+ Kh7 31. Qc2+ g6 32. Qc8 Ng4 33. Rh8+ Qxh8 34. Qc2 Qe5 35. Qd2 Qa1 36. Qd3 Ne5 37. Qb5 Nf3+ 38. Kg2 Nd2 39. Bd3 Rg1+ 40. Kh3 Qf6 41. f4 Nf3 42. Be4 Nd4 43. Qd7 Nf5 44. a4 Re1 45. Bd3 Ne3 46. Be4 Nd5 47. Bd3 Nxf4+ 48. gxf4 Qxf4 49. Qb7 Re3+ 50. Kg2 Rxd3 0-1

[Event "USA National op 51st"]
[Site "ICC INT"]
[Date "2020.11.27"]
[Round "1"]
[White "Zeng, Sheena"]
[Black "Aleksandrov, Aleksej"]
[Result "0-1"]
[WhiteElo "2065"]
[BlackElo "2574"]
[PlyCount "128"]
[EventDate "2020.11.27"]
[EventType "swiss"]
[EventRounds "9"]
[EventCountry "USA"]
[SourceTitle "CBM 199 Extra"]
[Source "ChessBase"]
[SourceDate "2021.01.31"]
[SourceVersion "1"]
[SourceVersionDate "2021.01.31"]
[SourceQuality "1"]

1. d4 Nf6 2. c4 e6 3. Nf3 d5 4. Nc3 Nbd7 5. e3 Be7 6. Bd3 dxc4 7. Bxc4 a6 8. a4 c5 9. 0-0 0-0 10. Qe2 cxd4 11. exd4 Nb6 12. Bd3 Nbd5 13. Rd1 b6 14. Bg5 Bb7 15. Ne5 h6 16. Be3 Nb4 17. Bb1 Rc8 18. Nd3 Nbd5 19. Nxd5 Nxd5 20. Nf4 Qd6 21. Qd3 f5 22. Ng6 Rfd8 23. Nxe7+ Nxe7 24. f3 a5 25. Bf2 Nd5 26. Bg3 Qd7 27. Be5 Nb4 28. Qe2 Bc6 29. Ba2 Nxa2 30. Rxa2 Bxa4 31. Re1 Rc2 32. Qe3 Bb5 33. Ra3 Rdc8 34. Rc3 R8xc3 35. bxc3 Bc4 36. Rd1 Qa4 37. Rc1 Re2 38. Qf4 Qa3 39. Rd1 Qxc3 40. Qg3 Qe3+ 41. Kh1 Qg5 42. Qxg5 hxg5 43. h3 a4 44. Bd6 Kf7 45. Rc1 b5 46. Ra1 Ke8 47. Kh2 Kd7 48. Bc5 Bd5 49. Kg3 f4+ 50. Kh2 Bxf3 51. Rg1 Bd5 52. h4 g4 53. h5 Ke8 54. Bd6 f3 55. Kg3 Rxg2+ 56. Rxg2 fxg2 57. Kf2 Kf7 58. Bc5 Kf6 59. Bd6 Kg5 60. Bc5 Kxh5 61. Bd6 Kg6 62. Bc5 Kf5 63. Bd6 Ke4 64. Bc5 Kd3 0-1

[Event "World op 48th"]
[Site "ICC INT"]
[Date "2020.08.07"]
[Round "3"]
[White "Jobava, Baadur"]
[Black "Zeng, Sheena"]
[Result "1-0"]
[WhiteElo "2603"]
[BlackElo "2065"]
[PlyCount "61"]
[EventDate "2020.08.07"]
[EventType "swiss"]
[EventRounds "9"]
[EventCountry "USA"]
[SourceTitle "CBM 197 Extra"]
[Source "ChessBase"]
[SourceDate "2020.09.30"]
[SourceVersion "1"]
[SourceVersionDate "2020.09.30"]
[SourceQuality "1"]

1. d4 d5 2. c4 c6 3. Nf3 Nf6 4. Nc3 e6 5. cxd5 exd5 6. Bf4 Bf5 7. e3 Nbd7 8. h3 Be7 9. g4 Bg6 10. Bd3 Qa5 11. Kf1 0-0 12. Bxg6 fxg6 13. Kg2 Bb4 14. Ne2 Ne4 15. h4 Bd6 16. Bxd6 Nxd6 17. Nf4 Rae8 18. h5 gxh5 19. Rxh5 g6 20. Rh3 Ne4 21. Qh1 Re7 22. g5 Rf5 23. Rh6 Nf8 24. Qh4 Qa4 25. Rh1 Qc2 26. Nxg6 Nxg6 27. Rxg6+ hxg6 28. Qh8+ Kf7 29. Rh7+ Ke6 30. Qc8+ Kd6 31. Qd8+ 1-0

[Event "Denker Memorial 26th"]
[Site "Chess.com INT"]
[Date "2020.07.25"]
[Round "3"]
[White "Zeng, Sheena"]
[Black "Troutman, Charles"]
[Result "1-0"]
[WhiteElo "2065"]
[BlackElo "1722"]
[PlyCount "81"]
[EventDate "2020.07.25"]
[EventType "swiss"]
[EventRounds "6"]
[EventCountry "USA"]
[SourceTitle "EXT 2021"]
[Source "ChessBase"]
[SourceDate "2020.10.23"]
[SourceVersion "1"]
[SourceVersionDate "2020.10.23"]
[SourceQuality "1"]

1. d4 Nf6 2. c4 g6 3. Nc3 Bg7 4. e4 d6 5. Nf3 0-0 6. Be2 e5 7. 0-0 exd4 8. Nxd4 Re8 9. f3 c6 10. Kh1 Nbd7 11. Re1 Nh5 12. g3 Nb6 13. Be3 f5 14. Qd2 Qe7 15. Bf2 f4 16. g4 Nf6 17. Qxf4 Rf8 18. Qg3 Nfd7 19. Nb3 Be5 20. Qg2 g5 21. Nd4 Nc5 22. Rac1 Qf6 23. Nf5 Ne6 24. Bg3 Nf4 25. Bxf4 Bxf4 26. Rcd1 Bd7 27. Qf2 Bxf5 28. exf5 Rae8 29. Bd3 d5 30. cxd5 Nxd5 31. Bc4 Be5 32. Bxd5+ cxd5 33. Nxd5 Qc6 34. b3 b6 35. Re4 Bf4 36. Ne7+ Rxe7 37. Rxe7 Rc8 38. Rde1 Qb5 39. f6 Qc6 40. f7+ Kf8 41. Qe2 1-0

[Event "North American-ch U20 Girls"]
[Site "Charlotte"]
[Date "2019.06.29"]
[Round "7"]
[White "Qiao, Cindy"]
[Black "Zeng, Sheena"]
[Result "1-0"]
[WhiteElo "1777"]
[BlackElo "1964"]
[PlyCount "99"]
[EventDate "2019.06.26"]
[EventType "swiss"]
[EventRounds "9"]
[EventCountry "USA"]
[SourceTitle "CBM 191 Extra"]
[Source "ChessBase"]
[SourceDate "2019.09.30"]
[SourceVersion "1"]
[SourceVersionDate "2019.09.30"]
[SourceQuality "1"]

1. e4 e6 2. d3 d5 3. Nd2 Nf6 4. Ngf3 c5 5. g3 Nc6 6. Bg2 Be7 7. 0-0 0-0 8. Re1 b5 9. e5 Nd7 10. Nf1 a5 11. h4 b4 12. Bf4 a4 13. a3 bxa3 14. bxa3 Rb8 15. Ne3 Ba6 16. c4 dxc4 17. Nxc4 Bxc4 18. dxc4 Nb6 19. Qe2 Na5 20. Nd2 Qc7 21. h5 Nb3 22. Rab1 Nxd2 23. Bxd2 Rfd8 24. Ba5 Qa7 25. Rb5 Rf8 26. Be4 Nd7 27. Bc3 Rxb5 28. cxb5 h6 29. Bc2 Rc8 30. Qe4 Nf8 31. Rb1 c4 32. Bb4 Bc5 33. Bxc5 Qxc5 34. b6 c3 35. b7 Rb8 36. Bxa4 Qxa3 37. Qc4 g6 38. Bc2 Rxb7 39. Rxb7 Qc1+ 40. Kg2 Qxc2 41. Rb8 Kg7 42. Qc8 Qe4+ 43. Kh2 gxh5 44. Qxf8+ Kg6 45. Qg8+ Kf5 46. Qxf7+ Kxe5 47. Qxh5+ Kd6 48. Rc8 Qb4 49. Qf3 Qb5 50. Rxc3 1-0

[Event "Ontario op"]
[Site "Oakville"]
[Date "2019.05.20"]
[Round "6"]
[White "Plotkin, Mark"]
[Black "Zeng, Sheena"]
[Result "1-0"]
[WhiteElo "2356"]
[BlackElo "1910"]
[PlyCount "107"]
[EventDate "2019.05.18"]
[EventType "swiss"]
[EventRounds "6"]
[EventCountry "CAN"]
[SourceTitle "CBM 190 Extra"]
[Source "ChessBase"]
[SourceDate "2019.07.15"]
[SourceVersion "1"]
[SourceVersionDate "2019.07.15"]
[SourceQuality "1"]

1. e4 e6 2. d4 d5 3. Nc3 dxe4 4. Nxe4 Nd7 5. Nf3 Ngf6 6. Ng3 c5 7. dxc5 Bxc5 8. Bd3 0-0 9. 0-0 b6 10. Qe2 Bb7 11. Bg5 Qc7 12. Rad1 h6 13. Bd2 Rfd8 14. c4 Bd6 15. Bb1 Ne5 16. Nxe5 Bxe5 17. Rfe1 Bd4 18. b3 Qc6 19. Qf1 Ng4 20. Re2 f5 21. Kh1 Qc5 22. Be1 Be5 23. Red2 Rxd2 24. Rxd2 Bxg3 25. fxg3 Ne3 26. Qg1 Nxg2 27. Rxg2 Rd8 28. Qxc5 bxc5 29. Bc2 e5 30. Kg1 Bxg2 31. Kxg2 e4 32. Kf2 Kf7 33. b4 Rb8 34. b5 Ke6 35. a4 Kd6 36. a5 Rd8 37. Bc3 Kc7 38. Ke3 g6 39. g4 Re8 40. Bd1 fxg4 41. Bxg4 h5 42. Be2 Kd6 43. Be1 Kd7 44. Bg3 Re6 45. h4 Kc8 46. Bf1 Rf6 47. Bh3+ Kb7 48. Bg2 Re6 49. Bxe4+ Kc8 50. b6 axb6 51. a6 Re7 52. Kf3 Ra7 53. Bb7+ Rxb7 54. axb7+ 1-0

[Event "Denver op"]
[Site "Denver"]
[Date "2019.04.28"]
[Round "4"]
[White "Lapid, Lior"]
[Black "Zeng, Sheena"]
[Result "1/2-1/2"]
[WhiteElo "2171"]
[BlackElo "1900"]
[PlyCount "88"]
[EventDate "2019.04.26"]
[EventType "swiss"]
[EventRounds "5"]
[EventCountry "USA"]
[SourceTitle "CBM 190 Extra"]
[Source "ChessBase"]
[SourceDate "2019.07.15"]
[SourceVersion "1"]
[SourceVersionDate "2019.07.15"]
[SourceQuality "1"]

1. e4 e6 2. d4 d5 3. Nc3 Nf6 4. Bg5 Bb4 5. exd5 exd5 6. Bd3 c6 7. Qf3 h6 8. Bxf6 Qxf6 9. Qxf6 gxf6 10. Nge2 Nd7 11. 0-0 Nf8 12. f4 Bd7 13. f5 0-0-0 14. Na4 b6 15. Nac3 Bd6 16. Rab1 Nh7 17. b4 Kb7 18. b5 Bc7 19. a4 Rhg8 20. a5 cxb5 21. Bxb5 Bxb5 22. Nxb5 Bb8 23. axb6 axb6 24. Rb3 Ng5 25. Rfb1 Rge8 26. Nbc3 Bc7 27. Ng3 Kc6 28. Na4 Rb8 29. Rc3+ Kd6 30. Rcb3 Ne4 31. Nxe4+ Rxe4 32. Nc3 Rf4 33. Nb5+ Kd7 34. Ra1 Rb7 35. Rba3 Bd6 36. Rh3 Rxf5 37. Nxd6 Kxd6 38. Rxh6 Rc7 39. Ra2 Re7 40. g4 Re1+ 41. Kg2 Re2+ 42. Kg3 Re3+ 43. Kg2 Re2+ 44. Kg3 Re3+ 1/2-1/2

[Event "Wch U14 Girls"]
[Site "Porto Carras"]
[Date "2018.10.29"]
[Round "10.10"]
[White "Dylag, Emilia"]
[Black "Zeng, Sheena"]
[Result "1-0"]
[WhiteElo "2059"]
[BlackElo "1807"]
[PlyCount "99"]
[EventDate "2018.10.20"]
[EventType "swiss"]
[EventRounds "11"]
[EventCountry "GRE"]
[SourceTitle "CBM 187 Extra"]
[Source "ChessBase"]
[SourceDate "2018.11.04"]
[SourceVersion "1"]
[SourceVersionDate "2018.11.04"]
[SourceQuality "1"]

1. e4 e6 2. d3 d5 3. Nd2 Nf6 4. Ngf3 c5 5. g3 Nc6 6. Bg2 Be7 7. 0-0 0-0 8. e5 Nd7 9. Re1 b5 10. Nf1 b4 11. h4 a5 12. Bf4 a4 13. h5 a3 14. b3 Na7 15. N1h2 Nb5 16. h6 g6 17. Ng4 Ba6 18. Qd2 Nc3 19. Bg5 Rc8 20. Bh3 c4 21. Bxe7 Qxe7 22. dxc4 Rfd8 23. cxd5 Nxd5 24. Rad1 N7b6 25. Qg5 Qf8 26. Nd4 Ne7 27. Nf6+ Kh8 28. Ne4 Ned5 29. Nd6 Ra8 30. Bxe6 Rxd6 31. exd6 fxe6 32. d7 Qf6 33. Qxf6+ Nxf6 34. Nxe6 Nfxd7 35. Nc7 Rc8 36. Nxa6 Kg8 37. Nxb4 Kf7 38. Re3 Nf6 39. c4 Ng4 40. Rf3+ Kg8 41. Nd5 Nxd5 42. Rxd5 Nxh6 43. Rfd3 Nf7 44. c5 Kf8 45. b4 Ke7 46. b5 Ke6 47. b6 Rb8 48. R5d4 Rc8 49. b7 Rb8 50. c6 1-0

[Event "Philadelphia int op 12th"]
[Site "Philadelphia"]
[Date "2018.06.29"]
[Round "2"]
[White "Mulyar, Michael A"]
[Black "Zeng, Sheena"]
[Result "1-0"]
[WhiteElo "2385"]
[BlackElo "1863"]
[PlyCount "93"]
[EventDate "2018.06.28"]
[EventType "swiss"]
[EventRounds "9"]
[EventCountry "USA"]
[SourceTitle "CBM 185 Extra"]
[Source "ChessBase"]
[SourceDate "2018.07.29"]
[SourceVersion "1"]
[SourceVersionDate "2018.07.29"]
[SourceQuality "1"]

1. d4 Nf6 2. Nf3 d5 3. c4 e6 4. g3 dxc4 5. Bg2 Nc6 6. 0-0 Rb8 7. Be3 Bd6 8. Nfd2 0-0 9. Nxc4 Ne7 10. Bg5 Nd7 11. e4 f6 12. Be3 Nb6 13. Nbd2 Nxc4 14. Nxc4 b5 15. Na5 c6 16. Qd2 Bd7 17. Rac1 Bc7 18. Nb3 Nc8 19. Nc5 Nd6 20. b3 a5 21. Nxd7 Qxd7 22. Qc2 Rb6 23. d5 Ra6 24. dxc6 Qe7 25. Qe2 a4 26. Rfd1 axb3 27. axb3 Rd8 28. Bc5 e5 29. Bxd6 Rxd6 30. Rxd6 Qxd6 31. Qxb5 Rb6 32. Qd5+ Qxd5 33. exd5 Rb8 34. Bh3 Kf8 35. d6 Bxd6 36. c7 Bxc7 37. Rxc7 Rxb3 38. Bf5 h6 39. Kg2 Rb6 40. h4 Rd6 41. Kf3 Rd4 42. h5 Rb4 43. Bg6 Rd4 44. Rf7+ Kg8 45. Re7 Rd8 46. Re8+ Rxe8 47. Bxe8 1-0